Statistiken für Gewinne die amerikanische Präsidentschaftswahl

Klicken Sie hier um das Quiz zu spielen!

Allgemein

  • Dieses Quiz wurde 2.742 mal gespielt
    (2.740 seit der letzten Aktualisierung)
  • Das Durchschnittsergebnis liegt bei 137 aus 538

Antworten auf der Karte

Die Antworten werden auf der Karte rot bzw. grün angezeigt, abhängig davon wie oft sie richtig erraten wurden.
 

Antwortstatistiken

#Bundesstaat% Korrekt
55Kalifornien
75%
38Texas
74%
29New York
67%
29Florida
56%
12Washington
31%
18Ohio
23%
3Alaska
21%
6Nevada
18%
4Maine
15%
11Arizona
13%
5Nebraska
12%
20Pennsylvania
12%
6Utah
12%
16Georgia
11%
20Illinois
11%
16Michigan
11%
14New Jersey
10%
7Oregon
10%
9Alabama
9%
4Hawaii
9%
4Idaho
9%
6Iowa
8%
3Montana
8%
9Colorado
6%
6Kansas
6%
6Arkansas
5%
7Oklahoma
5%
13Virginia
5%
3Wyoming
5%
11Indiana
4%
8Kentucky
4%
10Minnesota
4%
10Wisconsin
4%
11Massachusetts
3%
6Mississippi
3%
10Missouri
3%
5New Mexico
3%
15North Carolina
3%
3North Dakota
3%
11Tennessee
3%
3Vermont
3%
8Louisiana
2%
10Maryland
2%
9South Carolina
2%
3South Dakota
2%
7Connecticut
1%
3Delaware
1%
4New Hampshire
1%
4Rhode Island
1%
5West Virginia
1%
3District of Columbia
0%

Verteilung der Resultate

Perzentil nach korrekt beantworteten Fragen

Anzahl Personen mit jedem Resultat

Ihre Resultats-Entwicklung

Sie haben dieses Quiz seit der letzten Aktualisierung nicht gespielt